Premier League Players by Name - G - Statistics

General Stats
  • This quiz has been taken 21 times
  • The average score is 12 of 28
Answer Stats
Position Club Nation Player % Correct
DF Arsenal Brazil Gabriel
94%
MF Manchester City Germany Ilkay Gundogan
94%
MF Everton Portugal Andre Gomes
75%
DF Liverpool England Joe Gomez
75%
FW Manchester United England Mason Greenwood
75%
GK Crystal Palace Spain Vicente Guaita
63%
FW Tottenham Hotspur Spain Bryan Gil
56%
MF Brighton & Hove Albion Germany Pascal Gross
56%
MF Everton Ivory Coast Jean-Philippe Gbamin
50%
MF Burnley Iceland Johann Gudmundsson
50%
GK Manchester United England Lee Grant
50%
GK Tottenham Hotspur Italy Pierluigi Gollini
50%
MF Crystal Palace England Conor Gallagher
44%
FW Everton England Anthony Gordon
38%
DF Brentford Scotland Lewis Gordon
38%
DF Everton England Ben Godfrey
31%
MF Norwich City Scotland Billy Gilmour
31%
FW Newcastle United England Dwight Gayle
31%
DF Crystal Palace England Marc Guehi
31%
GK Norwich City England Angus Gunn
25%
FW Everton England Demarai Gray
25%
DF Norwich City Greece Dimitris Giannoulis
25%
MF Manchester City England Jack Grealish
25%
DF Norwich City England Ben Gibson
19%
DF Brentford England Charlie Goode
19%
MF Watford England Dan Gosling
19%
GK Newcastle United England Mark Gillespie
19%
FW Brentford Iran Saman Ghoddos
19%
No matching quizzes found
Score Distribution
Percent of People with Each Score
Percentile by Number Answered
Your Score History
You have not taken this quiz